[Event "London Classic 7th"]
[Site "London"]
[Date "2015.12.07"]
[Round "4"]
[White "Nakamura, Hikaru"]
[Black "Anand, Viswanathan"]
[Result "1-0"]
[WhiteElo "2793"]
[BlackElo "2803"]
[Annotator "Sumets,A"]
[PlyCount "81"]
[EventDate "2015.12.04"]
[EventType "tourn"]
[EventRounds "9"]
[EventCountry "ENG"]
[EventCategory "22"]
[SourceTitle "CBM 170"]
[Source "ChessBase"]
[SourceDate "2016.01.15"]
[SourceVersion "1"]
[SourceVersionDate "2016.01.15"]
[SourceQuality "1"]

1. d4 Nf6 2. Nf3 e6 3. c4 d5 4. g3 Be7 5. Bg2 O-O 6. Qc2 {Nakamura has very
good statistics in his games against Anand. A few month ago he won after 6.0-0,
which is considered as the main line.} (6. O-O dxc4 7. Qc2 a6 8. a4 Bd7 9. Qxc4
Bc6 10. Bg5 Bd5 11. Qc2 Be4 12. Qd1 c5 13. dxc5 Bxc5 14. Qxd8 Rxd8 15. Nbd2 Bc6
16. Nb3 Be7 17. Na5 h6 18. Be3 $11 {Nakamura,H (2814)-Anand,V (2816)1-0 (43)
Saint Louis USA 2015}) 6... c5 7. O-O cxd4 8. Nxd4 {Now Black has a choice
between 8...Nc6, which is the most popular continuation; 8...e5; 8...Qb6 and 8.
..Na6!?. I would recommend 8...e5 as the most reliable continuation or 8...Na6
for those who like unexplored tracks.} Qb6 (8... Na6 $5 {Of late it has been
played in 2 games.} 9. cxd5 {It seems to me that White doesn't have any
alternatives.} (9. Rd1 $2 Nb4 10. Qd2 (10. Qb3 $2 dxc4 11. Qxc4 e5 $19) 10...
dxc4 $15) (9. Bd2 $6 e5 10. Nf5 d4 {In comparison with the line 8...e5 9.Nf5
d4 Black could get an extra tempo, because White's dark-squared bishop is
misplaced and he should play 10.Nxe7+ Qxe7 11.Bg5.}) 9... Nb4 $1 ({Kurajica,B
proved that} 9... Nxd5 $6 {is not a strong move due to} 10. Rd1 Ndb4 11. Qb3
Qb6 12. Be3 Nc5 13. Qc4 Nd5 14. Nf5 exf5 15. Bxd5 $16 {Kurajica,B (2495)
-Groszpeter,A (2490) 1-0 (52) Oberwart 1984}) 10. Qd1 (10. Qb3 e5 11. Nc2 Nbxd5
{Black should be satisfied with the opening results. He even has a small
advantage.} 12. Nc3 Nxc3 13. Qxc3 e4 14. Be3 Qd5 15. Bd4 Qh5 16. f3 exf3 (16...
Be6 $5 17. Qc7 Rfe8 18. Qxb7 Rac8 19. Rac1 Bc5 $44) 17. exf3 Bd7 18. Ne3 Rac8
19. Qb3 Bc5 20. Qc3 $11 {Khairullin,I (2630)-Riazantsev,A (2688) 1/2 (34)
Sochi RUS 2015. White almost levelled the game.}) 10... e5 11. Nf3 e4 (11...
Qxd5 $5 {leads to complications after} 12. Qxd5 Nfxd5 13. Nxe5 Nc2 14. Bxd5
Nxa1 $13) 12. Ng5 e3 $5 (12... Qxd5 $5 13. Qxd5 Nfxd5 14. Bxe4 Nf6 15. Nc3 h6
$44) 13. Nc3 exf2+ 14. Kh1 $1 (14. Rxf2 $6 Ng4) 14... h6 15. a3 $1 hxg5 $6 (
15... Nbxd5 16. Nxd5 hxg5 17. Nxe7+ Qxe7 18. Bxg5 Qe5 19. Bxf6 Qxf6 20. Qd2 $14
) 16. axb4 Qb6 17. Bxg5 Qxb4 18. Qd2 Ng4 19. Bf4 $16 {Khismatullin, D (2654)
-Bukavshin,I (2657) 1/2 (50) Khanty-Mansiysk RUS 2015}) (8... e5 {Sergey
Karjakin prefers this move.} 9. Nf5 d4 10. Nxe7+ Qxe7 {It seems that Black is
OK. He controls the centre and White's c4-pawn might be a target. However,
there are a lot of strong GMs, who like to play it with White. White's
light-squared bishop is very strong. He can also rely on the pair of bishops
and on the majority on the queenside. White should choose between 11.b4 and 11.
Bg5. Evgenij Miroshnichenko played 11.b3 but this option doesn't have many
supporters.} 11. b4 (11. b3 {- Miroshnichenko,E-Anand,V Bundesliga 2004,
annotated by Ribli,Z.}) (11. Bg5 h6 12. Bxf6 Qxf6 13. Nd2 Nc6 (13... Bf5 14.
Qb3 Nd7 15. Qa3 Qb6 16. Rfc1 Rfc8 17. b4 a5 18. c5 Qa6 $2 (18... Qb5 19. Qf3 $1
Be6 20. Qd3 $1 (20. Qxb7 $2 Qxe2 21. Ne4 axb4 22. Nd6 Rcb8 $17) 20... Qxd3 (
20... Qxb4 21. a3 $1 Nxc5 22. axb4 Nxd3 23. exd3 axb4 24. Rxa8 Rxa8 25. Kf1 Ra2
26. Ke1 $16) 21. exd3 Rc7 22. a3 $14) 19. Nc4 Be6 20. Nd6 $18 {Aronian,L (2826)
-Carlsen,M (2872) 1-0 (53) Zuerich 2014}) 14. c5 Qe7 15. Ne4 Bf5 16. Qc4 Bxe4
17. Bxe4 Kh8 18. b4 f5 19. Bd5 Rad8 20. Rab1 Qd7 21. Bxc6 bxc6 $11 {Wojtaszek,
R (2698)-Karjakin,S (2762) 1/2 (83) Rhodes 2013}) 11... Be6 12. Nd2 Rc8 (12...
Qc7 13. Ba3 Nbd7 14. Rac1 Rac8 15. b5 Rfd8 16. c5 Nd5 $6 (16... Bd5 17. Qd3
Bxg2 18. Kxg2 Re8 $13) 17. Ne4 Bf5 $6 18. c6 $1 bxc6 19. Bd6 $16 {Li Chao2 
(2750)-Kreisl,R (2437) 1-0 (39) Skopje MKD 2015}) 13. Qd3 Nc6 14. b5 Na5 15.
Ba3 Qd7 16. Rac1 a6 17. Bb4 axb5 18. cxb5 Nd5 19. Bxd5 Rxc1 20. Rxc1 Qxd5 21.
a3 b6 22. Rc7 (22. e4 $5 Qd8 (22... dxe3 23. Qxd5 Bxd5 24. fxe3 f6 25. Rc7 $14)
23. f4 f6 $11) 22... h6 $11 {Wang,Y (2725)-Karjakin,S (2756) 1/2 (36) Antalya
2013}) (8... Nc6 9. Nxc6 bxc6 10. Nd2 (10. b3 a5 11. Nc3 Ba6 12. Na4 Rb8 13.
Rd1 {I played this tournament and during the game I didn't like this move.
However the game Jobava,B-Zhukova,N convinced me that the natural 13...Nd7 is
not a panacea for all woes.} Bd6 (13... Nd7 14. Bf4 Rb4 $6 (14... Rb7 15. e4
$14) 15. cxd5 cxd5 16. Bc7 Qc8 17. Rac1 $16 {1-0 (31) Jobava,B (2722) -Zhukova,
N (2470) Doha QAT 2014}) 14. Be3 ({I believe White should have played} 14. Bb2
Qe7 15. e4 {with advantage.}) 14... Qe7 15. Bb6 Bb5 $1 16. Bxa5 Bxa4 17. bxa4 (
17. Bc3 $1 Bb5 (17... Bb4 18. Be5 Ra8 19. bxa4 $14) 18. cxb5 cxb5 19. a4 Rfc8
20. Qd2 bxa4 21. bxa4 Rb3 22. Rdc1 $14) 17... Bb4 18. Bxb4 Rxb4 19. cxd5 cxd5
20. Rd3 $6 Qa7 21. Rb1 Rxa4 22. Rd2 $15 {1/2 (22) Li Chao2 (2722)-Rausis,I 
(2586) Heusenstamm GER 2014. Of course, we have to respect top GMs but I'd
like to see how Li Chao played this unpleasant position.}) 10... Qb6 11. b3 a5
12. a3 Rb8 13. Bb2 dxc4 $6 14. Nxc4 Qxb3 15. Qxb3 Rxb3 16. Rab1 $14 {Li,C 
(2700)-Rozentalis,E (2623) 1-0 (42) Reykjavik 2014}) 9. Rd1 Nc6 10. Nxc6 Qxc6
11. Bg5 $146 (11. Na3 Bxa3 12. bxa3 Qxc4 13. Qxc4 dxc4 14. a4 (14. Rd4 c3 15.
Rc4 Bd7 16. Rxc3 Nd5 17. Rb3 Bc6 $11) 14... Bd7 15. Ba3 $6 (15. Bxb7 Rab8 16.
Ba6 c3 17. Ba3 Rb6 $1 18. Bxf8 c2 19. Rdc1 Rxa6 20. Bb4 Bxa4 21. a3 Nd5 $11)
15... Bxa4 16. Rdc1 b5 17. Bxa8 Rxa8 $15 {Aronian,L (2780)-Anand,V (2804) 0-1 
(51) Blitz Stavanger NOR 2015}) (11. a4 Bd7 12. b3 (12. Nd2 Qc7 13. b3 Rac8 14.
Bb2 Bc6 15. e4 dxe4 16. Nxe4 Bxe4 17. Bxe4 a5 $5 (17... Nxe4 18. Qxe4 Rfd8 $11)
18. Bxf6 Bxf6 19. Bxh7+ Kh8 20. Rac1 g6 21. Bxg6 fxg6 22. Qxg6 $13 {1/2 (32)
Melkumyan,H (2622)-Dominguez Perez,L (2732) Baku AZE 2015}) 12... Qc8 $6 {
A weird move.} (12... Rac8 13. Bb2 Qa6 14. Nd2 Rfd8 15. Bd4 Bc6 {With good
chances to equalise.}) 13. Ba3 Bxa3 14. Nxa3 Bc6 15. Rac1 a6 16. cxd5 exd5 17.
Qd3 $14 {Lei Tingjie (2444) -Ushenina,A (2486) Chengdu CHN 2015. Black's
position is unpleasant,}) (11. b3 b5 12. Na3 $6 (12. Ba3 $5 Bxa3 (12... b4 $5
13. Bb2 Bb7) 13. Nxa3 bxc4 14. bxc4 Bb7 15. Rab1 (15. cxd5 Qa6 $1 {This is
stronger than 15...Qxc2, which is also not bad.} (15... Qxc2 16. Nxc2 Bxd5 17.
Ne3 Bxg2 18. Kxg2 Rfd8 $11) 16. Qd3 Qxd3 17. Rxd3 Bxd5 $11) 15... Rfc8 16. Qb2
Ba6 17. cxd5 Nxd5 18. Nb5 Qxb5 19. Qxb5 Bxb5 20. Rxb5 Nc3 21. Bxa8 Rxa8 22.
Rdb1 Nxb1 23. Rxb1 g6 24. Rb7 {Black still has some problems.}) 12... bxc4 13.
bxc4 Bb7 (13... Bd7 $1 14. cxd5 $6 Nxd5 15. Qxc6 Bxc6 $15) 14. Rb1 Qa6 15. Qb3
Bc6 16. cxd5 Bxd5 (16... Ba4 17. Qd3 Qxd3 18. Rxd3 Nxd5 $11) 17. Bxd5 Nxd5 18.
Nb5 Qb7 19. Qf3 Qc6 $11 {Mkrtchian,L (2443)-Ushenina,A (2486) 1/2 (30) Chengdu
CHN 2015}) 11... h6 ({Probably Black could have got an equal position after} 
11... Qxc4 $5 12. Qxc4 dxc4 13. Nd2 Bd7 (13... c3 $6 14. bxc3 Rd8 15. Nc4 Rxd1+
16. Rxd1 Kf8 17. Na5 {I don't see how Black can finish his development.}) 14.
Nxc4 (14. Bxb7 Rab8 15. Bf3 h6 $1 16. Bf4 Rxb2 17. Nxc4 Rc2 $11) 14... Bb5 15.
Rac1 Rac8 16. Ne5 h6 $1 {It seems to me that Black has got an equal position.
For example} 17. Be3 (17. Bxf6 $6 gxf6 18. Nd3 b6 $15) (17. Bf4 Bxe2 (17... Nd5
$11) 18. Bxb7 Rxc1 19. Rxc1 Rb8 20. Rc8+ Rxc8 21. Bxc8 Bc5 $11) 17... Nd5 18.
Rxc8 Rxc8 19. Bxd5 exd5 20. Rxd5 Bxe2 21. Rd7 Bf6 $11) 12. Bxf6 Bxf6 13. Na3 {
Now White's queen is protected and he wants to take on d5.} Bd7 14. Rab1 (14.
Rd2 Rac8 15. Qb3 (15. cxd5 $6 Qxc2 16. Rxc2 Rxc2 17. Nxc2 Rc8 $1 18. Ne3 Bxb2
19. Rb1 Rc1+ 20. Rxc1 Bxc1 $15) 15... Qa6 16. cxd5 Qa5 17. Qd3 Rc5 $44) (14.
cxd5 $2 Qxc2 15. Nxc2 Ba4 16. Rd2 Bxb2 $15) 14... Rac8 15. Qd3 Rfd8 16. cxd5
Qa4 17. Rd2 b5 {I shouldn't assess the last move as a dubious one, because
objectively Black is not worse, but the resulting positions are complicated
and it is easier to make a mistake.} (17... exd5 {I believe that this is the
most practical decision.} 18. Bxd5 Bg5 19. Rdd1 (19. f4 Be7 20. e4 Be6 21. Rbd1
Bb4 22. Rc2 Bxa3 23. Rxc8 Rxc8 24. bxa3 Bxd5 25. exd5 Rc3 26. Qd4 Rc4 $11)
19... Bc6 20. e4 Bxd5 21. exd5 Rc5 22. d6 Bf6 23. Qe2 Rc6 24. Nb5 a6 25. Nc3
Bxc3 26. bxc3 Rcxd6 27. Rxd6 Rxd6 28. Rxb7 Rd1+ 29. Kg2 Qc6+ 30. Kh3 Qxb7 31.
Qxd1 Qc8+ 32. Kg2 Qxc3 $11) 18. Rbd1 (18. dxe6 Bxe6 19. Qxb5 Qxb5 20. Rxd8+
Rxd8 21. Nxb5 Bxa2 22. Ra1 Bc4 $11) 18... exd5 $6 (18... a6 {Black protects
his b5-pawn and he is ready to play ...exd5 and after Bxd5 Be6.} 19. d6 (19.
Bf3 exd5 20. Bxd5 Be6 21. e4 Rd6 22. Kg2 Rcd8 23. Qe2 Bxd5 24. exd5 g6 {
White can't improve his position.}) 19... Rc5 20. Bf3 a5 21. Kg2 Rdc8 $44) (
18... Bc6 19. e4 (19. dxc6 $2 Rxd3 20. Rxd3 a6 $17) (19. Qb3 Qxb3 20. axb3 exd5
21. Bxd5 Bxd5 22. Rxd5 Rxd5 23. Rxd5 a6 $44) 19... exd5 (19... Bg5 $6 20. f4
Be7 21. Qc2 $16) 20. exd5 Bd7 21. d6 $14 {Definetely the knight on a3 is
misplaced but the d6-pawn is strong and Black still has some problems.}) (18...
Bg5 $5 19. f4 (19. Rc2 Bf6 {and White doesn't have anything better than Rcd2.})
19... Bf6 (19... Be7 $5 20. d6 Bf6 21. e4 e5 22. Bf3 Rc5 23. Qb3 Rdc8 24. Qxa4
bxa4 $44) 20. Qb3 Qxb3 21. axb3 e5 22. e4 exf4 23. gxf4 Re8 24. Bf3 g5 $44) 19.
Bxd5 Bc6 20. e4 a6 21. h4 (21. Qb1 $1 {Sakaev,K} Bxd5 22. exd5 Bg5 (22... Qb4
23. d6 g6 24. Nc2 Qxb2 25. Qxb2 Bxb2 26. d7 $1 Rc7 27. Nb4 Bc3 28. Nxa6 Bxd2
29. Nxc7 Rxd7 30. Nxb5 Kf8 31. Kf1 Ke7 32. Ke2 Rb7 33. Rxd2 Rxb5 34. a4 Ra5 35.
Ra2 $18 {See the last game of the match Alekhine-Capablanca.}) 23. Rc2 Bf6 24.
Rxc8 Rxc8 25. d6 $16 {Black is in trouble, the d6-pawn is very strong.}) 21...
Bxd5 22. exd5 Qb4 (22... Rd7 {Sakaev,K} 23. d6 Rcd8 24. Qe2 Bxb2 25. Nxb5 Qxb5
26. Qxb5 axb5 27. Rxb2 Rxd6 28. Rxd6 Rxd6 29. Rxb5 Ra6 30. Rb2 h5 $14 {The
endgame is drawish, but a few people like to have the white pieces.}) (22...
Rd6 {Sakaev,K} 23. Nc2 Bxb2 24. Ne3 Bc1 25. Rc2 Rxc2 26. Nxc2 Bb2 27. Ne3 $16 {
Due to his d6-pawn White has a huge advantage. For example} Bf6 (27... Qa3 28.
Qe4 Rd8 29. Nf5 Qa4 30. Qxa4 bxa4 31. Kg2 Kf8 32. h5 $16) 28. Rd2 b4 29. Nc4
Rd8 30. d6 Bc3 31. Re2 Qb5 32. Re7 Bf6 33. Rc7 a5 34. Qf3 a4 35. Qb7 Qxb7 36.
Rxb7 Bc3 37. Kg2 Kf8 38. Kf3 $16 {White's king is heading to d5.}) 23. Rb1 (23.
d6 $5 Rd7 24. Nc2 Qxb2 25. Ne3 Qe5 26. Ng4 Qe6 27. Qf3 $16) 23... Qa5 24. b4
Qa4 $2 {This is a serious mistake, which leads to a very difficult position.} (
24... Qb6 25. Rb3 g6 26. Nc2) 25. Rb3 {The black queen is trapped.} Be7 26. Re2
$1 {Probably Anand hoped for 26.Qb1 a5.} Rc7 (26... Bxb4 27. Re4 a5 28. Kg2 Re8
29. Rd4 Rcd8 30. d6 $16) 27. Kg2 Bf6 28. Qf3 Re7 29. Rd2 Red7 30. Qe2 g6 $6 (
30... Re7 31. Qd1 Rc7) 31. h5 g5 32. Qd1 $1 {White needn't assess the position
which arises after} (32. Nc2 $6 Qxa2 33. Nd4 Qxd2 34. Qxd2 Rxd5 35. Qa2 Bxd4
36. Qxa6 $16) 32... Bg7 33. Nc2 $18 Qxa2 34. Ne3 Qa1 35. Qxa1 Bxa1 36. Ra2 Bd4
37. Nf5 Bg7 38. Rxa6 Bf8 39. d6 Bxd6 40. Nxh6+ Kh7 41. Ng4 (41. Ng4 Be7 42. Rf3
(42. Ne5) 42... Rf8 43. Ne5 $18) 1-0

[Event "Candidates Tournament"]
[Site "Moscow"]
[Date "2016.03.19"]
[Round "7"]
[White "Nakamura, Hikaru"]
[Black "Topalov, Veselin"]
[Result "1-0"]
[WhiteElo "2790"]
[BlackElo "2780"]
[Annotator "Ftacnik,L"]
[PlyCount "77"]
[EventDate "2016.03.11"]
[EventType "tourn"]
[EventRounds "14"]
[EventCountry "RUS"]
[EventCategory "22"]
[SourceTitle "CBM 172"]
[Source "ChessBase"]
[SourceDate "2016.05.12"]
[SourceVersion "1"]
[SourceVersionDate "2016.05.12"]
[SourceQuality "1"]

1. d4 d5 2. c4 c6 3. Nf3 Nf6 4. e3 Bf5 5. Nc3 e6 6. Nh4 Bg6 7. Nxg6 hxg6 8. Rb1
{Nakamura is using the idea that was introduced into practice by his great
opponent in the world championship match of 2006. White is ready to build up a
strong pawn chain and even attack his opponent's structure with the help of
the advance of the b-pawn.} Nbd7 (8... Bd6 9. c5 Bc7 10. b4 e5 11. g3 Qe7 12.
Bg2 exd4 13. Qxd4 a5 14. a3 axb4 15. axb4 Be5 16. Qd3 Nbd7 17. O-O O-O 18. Ne2
Ra2 19. Nd4 Rfa8 $11 {1-0 (70) Ni,H (2691)-Gledura,B (2538) Karlsruhe 2016}) 9.
c5 a5 {It should make great sense to develop the rook from a8 with the help of
the exchange of a-pawns.} (9... e5 10. b4 a6 (10... a5 11. b5) (10... Qc7 11.
b5 Be7 12. bxc6 bxc6 13. Qa4 O-O 14. Be2 Rfb8 15. O-O Rxb1 16. Nxb1 Nf8 17. Nd2
Ne6 18. Nb3 Ne4 19. Bf3 Bf6 20. Bxe4 dxe4 21. Bb2 exd4 22. Bxd4 Bxd4 23. Nxd4
Nxd4 24. Qxd4 $14 {1/2-1/2 (51) Volke,K (2475)-Huebner,R (2605) Switzerland
2008}) (10... Be7 11. g3 exd4 12. exd4 Ne4 13. Nxe4 dxe4 14. Bg2 Nf6 15. O-O
Qd5 16. Bf4 Rd8 17. Qe2 Qe6 18. b5 Nd5 19. bxc6 bxc6 20. Qxe4 Qxe4 21. Bxe4 $16
{1/2-1/2 (73) Roiz,M (2594)-Girya,O (2456) Minsk 2015}) 11. g3 Be7 (11... g5
12. Bg2 g6 13. e4 Nxe4 14. Nxe4 dxe4 15. dxe5 Nxe5 16. Qxd8+ Rxd8 17. Bxg5 Be7
18. Be3 f5 19. a4 Ng4 $15 {0-1 (57) Nakamura,H (2640)-Volkov,S (2634)
playchess.com INT 2006}) 12. Bg2 O-O (12... e4 13. f3 exf3 14. Bxf3 Nf8 15. e4
dxe4 16. Nxe4 Nd5 17. Qb3 Ne6 18. Bb2 Qd7 19. O-O Rd8 20. Rbd1 O-O 21. Nd2 $11
{1-0 (47) Nisipeanu,L (2648)-Malakhov,V (2700) Burgas 2012}) 13. O-O Re8 14. a4
Qc8 15. b5 Bd8 16. Bd2 axb5 17. axb5 Ba5 18. Qc2 exd4 19. exd4 Nf8 20. Ra1 Bxc3
21. Bxc3 $14 {1/2-1/2 (51) Gelfand,B (2743)-Wang,H (2710) Beijing 2014}) (9...
Qc7 10. g3 b6 11. b4 a5 12. a3 axb4 13. axb4 Be7 14. Bd3 O-O 15. O-O bxc5 16.
bxc5 e5 17. f4 exd4 18. exd4 Nh7 19. f5 Bf6 20. Ne2 g5 21. Be3 Ra3 $11 {
0-1 (61) Moreno Trujillo,A (2522)-Candela Perez,J (2430) Madrid 2015}) 10. a3
Be7 (10... e5 11. b4 axb4 12. axb4 Qc7 13. f4 exf4 14. exf4 Be7 15. Be2 (15.
Bd3 $5 Nf8 16. Qf3 Ne6 17. Ne2 b5 $5) 15... Nf8 16. O-O Ne6 17. g3 Qd7 18. Qd3
Ne4 19. Nxe4 dxe4 20. Qxe4 Qxd4+ 21. Qxd4 Nxd4 22. Bc4 O-O 23. Kg2 Ra4 24. Rd1
$11 {1/2-1/2 (66) Topalov,V (2813)-Kramnik,V (2743) Elista 2006}) 11. g3 e5 12.
Bg2 e4 13. b4 {The fight has not yet left the famous examples played by strong
players in the quest to find the best continuation for both sides. White is
abstaining from the immediate advance of the f-pawn, which would undermine the
e4-stonghold.} (13. f3 exf3 14. Bxf3 Nh7 15. e4 dxe4 16. Nxe4 O-O 17. O-O Ndf6
18. Nc3 Qd7 19. Be3 Rad8 20. b4 axb4 21. axb4 Rfe8 22. Re1 Qf5 23. g4 Qc8 24.
h3 $14 {0-1 (50) Ashwin,J (2478)-Ragger,M (2528) Yerevan 2007}) 13... axb4 14.
axb4 Nf8 15. b5 Ne6 16. Bd2 O-O {Even this position has been tested in
practice, but the queen move to d7 does not have to be the candidate for the
most precise solution.} (16... Qd7 17. Na4 Bd8 18. h4 g5 19. bxc6 bxc6 20. Nb6
Bxb6 21. cxb6 O-O 22. hxg5 {1/2-1/2 (22) Sasikiran,K (2661)-Malakhov,V (2690)
Sibenik 2007}) 17. Na4 Ng5 18. h4 (18. Nb6 Ra7 19. bxc6 bxc6 20. Bb4 Nd7 $14)
18... Nf3+ 19. Bxf3 exf3 20. bxc6 {The White player is sitting close to the
top of the pyramid of human players, but the computer engine is not
impressionable and suggests a somewhat different solution.} (20. Nc3 $5 b6 21.
cxb6 Qxb6 (21... Rb8 22. Qxf3 Rxb6 23. O-O $16) 22. Qxf3 cxb5 23. Nxd5 Nxd5 24.
Qxd5 b4 25. O-O Rfb8 $14) 20... bxc6 21. Nc3 Bxc5 $6 {The great moment in the
game and a genuine mystery for any annotator. Topalov surprises his dangerous
opponent with a magificent idea of sacrificing a piece for the initiative.
Objectively speaking the adventure wasn't sufficient to equalise, but Nakamura
will struggle to find the best solution.} (21... Qd7 22. Qxf3 Bd8 23. Kf1 $14)
22. dxc5 d4 23. exd4 Qxd4 (23... Re8+ 24. Be3 Ra3 25. Rb3 Rxb3 26. Qxb3 Qxd4
27. Nd1 Qd7 28. Nb2 $14) 24. O-O (24. Qxf3 Ra3 25. O-O Qxd2 26. Ne4 Rxf3 27.
Nxd2 $11) 24... Qg4 25. Re1 (25. Bf4 Rfd8 26. Bd6 Ra3 $1 27. Qd3 Nd5 28. Be5
Kh7 $11) 25... Rfd8 26. Rb2 Rd4 {Black needed a lot of fantasy in order to
guess that the counterplay for the missing piece could be nearly successful.
White must be very cautios, as the f3-pawn is ready to support the Qh3 with
mating ideas.} 27. Re7 (27. Re3 $1 Rad8 28. Nb1 Ne4 29. Qxf3 Qxf3 30. Rxf3 Nxd2
31. Nxd2 Rxd2 32. Rb6 f6 33. Rxc6 Rc2 34. Re3 $16) 27... Rad8 28. Qb3 Rf8 29.
Qd1 (29. Be3 $2 Qh3 $19) 29... Rfd8 30. Qb3 Rf8 (30... Nd5 31. Nxd5 R4xd5 32.
Kh2 $18) 31. Nd1 Nd5 {Only the computer can understand very quickly, that the
most exact idea for Black would have been 31...Qf5! with sufficient
counterplay.} (31... Qf5 $1 32. Re3 (32. Bg5 Rd3 $19) 32... Rfd8 33. Rxf3 Qxc5
34. Qa2 Qd6 35. Ne3 Rxd2 36. Rxd2 Qxd2 37. Qxd2 Rxd2 38. Nc4 $11) 32. Re5 (32.
Ra7 Qe6 33. Raa2 Qe2 34. Nc3 Nxc3 35. Qxc3 Rfd8 36. Qe3 Re4 37. Qxe2 fxe2 $11)
32... Kh7 $2 {Black actually needs to generate compensation for the missing
piece and it was still possible with the help of the active move 32...Ra8!} (
32... Ra8 $1 33. Re1 (33. Kh2 Rxd2 34. Rxd2 Nf4 35. Kg1 Ne2+ 36. Kh2 Nf4 $11)
33... Qf5 34. Ra2 Rc8 $11) 33. Kh2 $1 Nf6 (33... f6 34. Ne3 Qc8 35. Rxd5 cxd5
36. Bc3 Rd3 37. Qc2 Rxe3 38. fxe3 Qxc5 39. Bb4 $18) 34. Be3 Rb8 (34... Rd7 35.
Rg5 Qe4 36. Nc3 $18) 35. Qxb8 Rxd1 36. Rb1 $1 {The rook is gone, but it does
not mean that Black would not be able to bite. Unfortunately for him White is
able to defend against all the tricks.} (36. Re7 $2 Qh3+ 37. Kxh3 Rh1#) 36...
Qd7 37. Rg5 Ne4 (37... Ng4+ 38. Rxg4 Rxb1 39. Qxb1 Qxg4 40. Qd3 $18) 38. Rxd1
Qxd1 39. Qf4 {Without the missing pieces Topalov can not really hope to fight
on.} (39. Qf4 Nxg5 40. hxg5 Kg8 41. Bd4 $18) 1-0